Music Quiz

Random Music or Song Quiz

The Cab Songs Quiz Stats

 Plays Quiz not verified by Sporcle

Challenge
Share
Tweet
Embed
Score 0/43 Timer 08:00
0 Plays Today
Album Songs % Correct
Symphony SoldierAngel With a Shotgun
87.7%
Symphony SoldierLa La
84.6%
Symphony SoldierEndlessly
80.9%
Symphony SoldierBad
79.6%
Whisper WarBounce
74.1%
Drunk Love EPI'll Run
72.8%
Whisper WarI'll Run
72.8%
Drunk Love EPTake My Hand
72.2%
Whisper WarTake My Hand
72.2%
Symphony SoldierTemporary Bliss
72.2%
Symphony SoldierIntoxicated
72.2%
Symphony SoldierAnimal
71.6%
Whisper WarOne of Those Nights
71%
Symphony SoldierLiving Louder
70.4%
Whisper WarVegas Skies
67.9%
Symphony SoldierLovesick Fool
67.3%
Whisper WarThat 70s Song
66.7%
Whisper WarZzzzz
64.8%
Symphony SoldierHer Love Is My Religion
64.8%
Symphony SoldierGrow Up and Be Kids
64.2%
Symphony SoldierAnother Me
61.1%
Whisper WarCan You Keep a Secret?
56.2%
Album Songs % Correct
Whisper WarHigh Hopes in Velvet Ropes
55.6%
Whisper WarThis City Is Contagious
54.3%
Whisper WarI'm a Wonder
53.1%
Whisper WarRisky Business
51.9%
The Lady Luck EPLights
48.8%
Glitz and Glamour EPDrunk Love
46.3%
The Lady Luck EPI Am Who I Am
43.8%
The Lady Luck EPDiamonds Are Forever (And Forever Is A Mighty Long Time)
43.8%
The Lady Luck EPI Want To Break Free (Queen Cover)
42.6%
Miscellaneous Tracks/CoversDisturbia
42%
Glitz and Glamour EPGlitz and Glamour
40.1%
Glitz and Glamour EPWhisper Something Fragile
37%
Glitz and Glamour EPGetting Old
35.2%
Glitz and Glamour EPTrack Four
32.7%
The Lady Luck EPTake My Hand (Remix)
32.7%
The Lady Luck EPI'll Run (Acoustic)
29.6%
Glitz and Glamour EPInnocent and Sweet
29%
Drunk Love EPLies, Lust, and Lingerie
27.2%
Glitz and Glamour EPYou've Got the Nerve
26.5%
Drunk Love EPYou Can't Be Arrested for Being High on Heels
25.9%
Miscellaneous Tracks/CoversCrown
21%

You're not logged in!

Compare scores with friends on all Sporcle quizzes.
Join for Free
OR
Log In

You Might Also Like...

Show Comments

Extras

Created Aug 1, 2011ReportNominate
Tags:Album Quiz, Song Quiz, cab

Top Quizzes Today


Score Distribution

Your Account Isn't Verified!

In order to create a playlist on Sporcle, you need to verify the email address you used during registration. Go to your Sporcle Settings to finish the process.

Report this User

Report this user for behavior that violates our Community Guidelines.

Details: